000 00666nas a2200229 4500
001 BR9205684
003 BR-BrBNA
005 20231205100423.0
007 ta
008 230509b bl.|||p| |||| 00| 00por d
040 _aBR-BrBNA
_bpor
_cBiblioteca Nacional de Agricultura
041 _a(Pt)
072 _aL74
100 1 _aAnon.
245 1 _aPsicoses de galinheiro: picacismo, canibalismo e histeria aviar
650 _aDisturbio Animal
650 _aCanibalismo
650 _aStress
773 0 _tAgricultura e Pecuaria (Brazil)
_xISSN 0100-249X
_g(May 1969), (no. 538) p. 9
_wBR9205684
909 _a202311
_bLúcia
_c55
_dLúcia Elande
942 _2AGRIS
_n0
_cANA
999 _c155908
_d155908